Mladý svět (1959-2005)

Bibliographic Details
Main Author: Čobejová, Eva, 1965- (Author)
Format: Article
Language:Slovak
Subjects:

MARC

LEADER 00000nab a2200000 a 4500
001 vtls008419034
003 SK-MaSNL
005 20260303070055.0
008 140515c2005 xo wr|p|||||||000 b|slo
015 |a SNBRB2005/12  |2 snkbucl 
040 |a SNKBUCL  |b slo  |c SNKBUCL  |e AACR2 
041 0 |a slo 
044 |a xo  |c SK 
080 |a 05  |x (437.1/.2)  |2 1997 
100 1 |a Čobejová, Eva,  |d 1965-  |4 aut  |9 135492 
245 1 0 |a Mladý svět (1959-2005)  |c Eva Čobejová 
300 |b Fotogr. 
630 0 7 |a Mladý svět (časopis)  |2 snkbucl  |9 1067026 
773 0 |t Týždeň  |g Roč. II, č. 26 (2005), s. 31  |x 1336-5932 
852 |a SNK  |b KIS3GCP 
958 |a CZ 
999 |c 1753821  |d 1755751